000 00701nam a2200229 a 4500
001 000011086
003 OSt
005 20240412074223.0
008 091014s1958 dr r 000 p spa d
040 _aDO-SdBNP
_bspa
_cBNPHU
082 7 4 _aRD861.44
_bS237e
_222
100 1 _aSantos, Rafael B.
_926585
245 1 0 _aEmociones vividas :
_b(versos y prosa) /
_cRafael B. Santos.
250 _a2a ed.
260 _aCiudad Trujillo, República Dominicana :
_bLibrería Dominicana,
_c1958.
300 _a81p. ;
_c22 cm.
590 _aInventariado, 2018/BT
650 0 _aPoesía dominicana
_966
650 0 _aLiteratura dominicana.
_967
910 _aValidado. Control de calidad. MFF
942 _2ddc
_cLBS1
999 _c10811
_d10811